Game of Thrones Deaths Season 1-5 *SPOILERS* - Statistics

General Stats
  • This quiz has been taken 342 times
    330 since last reset
  • The average score is 27 of 44
Answer Stats
Answer % Correct
Mortally wounded by a wild boar Robert Baratheon
96%
Beheaded by Ser Ilyn Payne at the order of Joffrey Baratheon Eddard Stark
94%
Shot on the toilet by Tyrion with a crossbow Tywin Lannister
94%
Shot by a Frey crossbowman and then stabbed through the heart by Roose Bolton Robb Stark
93%
Poisoned at his own wedding Joffrey Baratheon
92%
Killed by a shadow with Stannis Baratheon's face Renly Baratheon
91%
Pushed out of the Moon Door by Littlefinger Lysa Arryn
89%
Skull crushed by the Mountain in a trial by combat Oberyn Martell
88%
Strangled to death by Tyrion Lannister Shae
88%
Molten gold poured onto his head at Daenerys' command Viserys Targaryen
88%
Shot with an arrow by Olly in the Battle of Castle Black Ygritte
88%
Smothered by Daenerys Targaryen as an act of mercy Khal Drogo
86%
Poisoned with a kiss by Ellaria Sand Myrcella Baratheon
84%
Throat slit by Black Walder Rivers Catelyn Stark
81%
Burned alive as a sacrifice to the Lord of Light Shireen Baratheon
77%
Shot with a mercy arrow by Jon Snow before he is burned alive Mance Rayder
76%
Poisoned by Lysa Arryn and Littlefinger Jon Arryn
75%
Shot by Joffrey Baratheon with a crossbow Ros
67%
Killed fighting the Sons of Harpy in Meereen Barristan Selmy
66%
Dies of old age Maester Aemon
64%
Stabbed to death in the stomach while pregnant by Lothar Frey Talisa Stark
64%
Stabbed to death by Night's Watchman Rast during a mutiny Jeor Mormont
60%
Killed fighting the giant Mag the Mighty during the Battle of Castle Black Grenn
57%
Osha ends his suffering after being stabbed with a spear by ironborn raider Dagmer Maester Luwin
56%
Blinded and stabbed before having his throat slit by Arya Stark Meryn Trant
55%
Killed by Karl Tanner, a Night's Watchman Craster
52%
Beheaded for insubordination by Jon Snow Janos Slynt
50%
Hangs herself following the death of her daughter Selyse Baratheon
49%
Shot through the neck with an arrow by Ygritte during the Battle of Castle Black Pyp
47%
Pushed off a ledge by Theon Greyjoy Myranda
46%
Killed by Jon Snow (at his own behest) in order to trick the Wildings Qhorin
45%
Stillborn because of blood magic Rhaego
43%
Neck snapped by Bran Stark while Bran is warging into Hodor Locke
41%
Killed by Grenn and five other members of the Night's Watch during the Battle of Castle Black Mag the Mighty
41%
Beheaded for desertion by Ned Stark Will
40%
Decapitated by Theon Greyjoy Rodrik Cassel
37%
Impaled by Jon Snow during the raid on Craster's Keep Karl Tanner
35%
Ripped apart by Jon's direwolf during the raid on Craster's Keep Rast
35%
Stabbed by Jaime Lannister through the eye Jory Cassel
33%
Burned alive on Drogo's funeral pyre Mirri Maz Duur
27%
Burned alive by Drogon after he tries to trade the Unsullied for the dragon and insults Daenerys Kraznys
22%
Bludgened in the head with a hammer by Jon Snow during the Battle of Castle Black Styr
16%
Stabbed to death by the Sons of the Harpy Hizdahr zo Loraq
12%
Hunted down by Ramsay Snow and eaten by his dogs Tansy
12%
No matching quizzes found
Score Distribution
Percent of People with Each Score
Percentile by Number Answered
Your Score History
You have not taken this quiz since the last reset